Aristocracia terrateniente y cambio agrario en la España del siglo XIX : (Record n. 9081)

Dettagli MARC
000 -LEADER
fixed length control field 01067nam a2200289 i 4500
003 - CONTROL NUMBER IDENTIFIER
control field IT-RoINE
005 - DATE AND TIME OF LATEST TRANSACTION
control field 20150429083550.0
008 - FIXED-LENGTH DATA ELEMENTS--GENERAL INFORMATION
fixed length control field 020412s2001 sp | r o||| ||spa d
020 ## - INTERNATIONAL STANDARD BOOK NUMBER
International Standard Book Number 849718016X
040 ## - CATALOGING SOURCE
Original cataloging agency SpMaBN
Transcribing agency IT-RoINE
Modifying agency IT-RoINE
100 1# - MAIN ENTRY--PERSONAL NAME
Personal name Carmona, Juan
9 (RLIN) 18790
245 10 - TITLE STATEMENT
Title Aristocracia terrateniente y cambio agrario en la España del siglo XIX :
Remainder of title la Casa de Alcañices (1790-1910) /
Statement of responsibility, etc Juan Carmona.
260 ## - PUBLICATION, DISTRIBUTION, ETC. (IMPRINT)
Place of publication, distribution, etc [Valladolid] :
Name of publisher, distributor, etc Consejería de Educación y Cultura,
Date of publication, distribution, etc 2001.
300 ## - PHYSICAL DESCRIPTION
Extent 281 p. :
Other physical details il. ;
Dimensions 25 cm.
336 ## - CONTENT TYPE
Source rdacontent
Content type term text
337 ## - MEDIA TYPE
Source rdamedia
Media type term unmediated
338 ## - CARRIER TYPE
Source rdacarrier
Carrier type term volume
490 1# - SERIES STATEMENT
Series statement Estudios de historia
500 ## - GENERAL NOTE
General note Basado en la tesis de la autora
500 ## - GENERAL NOTE
General note Incluye índice
504 ## - BIBLIOGRAPHY, ETC. NOTE
Bibliography, etc Bibliografía: p. [267]-273.
600 34 - SUBJECT ADDED ENTRY--PERSONAL NAME
Personal name Alcañices (Familia)
General subdivision Historia
9 (RLIN) 18791
650 #4 - SUBJECT ADDED ENTRY--TOPICAL TERM
Topical term or geographic name as entry element Propiedad rústica
Geographic subdivision España
Chronological subdivision Siglo 19o.
9 (RLIN) 18792
651 #4 - SUBJECT ADDED ENTRY--GEOGRAPHIC NAME
9 (RLIN) 16774
Geographic name España
General subdivision Condiciones económicas
Chronological subdivision Siglo 19o.
830 #0 - SERIES ADDED ENTRY--UNIFORM TITLE
Uniform title Estudios de historia (Junta de Castilla y León)
9 (RLIN) 12838
942 ## - ADDED ENTRY ELEMENTS (KOHA)
Item type Monografías
Dati di copia
Withdrawn status Lost status Damaged status Not for loan Home library Current library Date acquired Inventory number Total Checkouts Full call number Barcode Date last seen Price effective from Koha item type
        Iglesia Nacional Española en Roma Iglesia Nacional Española en Roma 29/04/2015 R06/479   HIS.ESP.4. 923 12807 29/04/2015 29/04/2015 Monografías